00785nam a22001817a 4500003000400000005001700004008003500021040002500056082001600081100002500097245025000122260004200372300002100414700002900435942001300464952010900477999001700586OSt20201016134059.0201007b 1992 00| 0 eng d aDO-SdBNPbspacBNPHU axxxxbT683c1 aToribio, Daniel958810aComparación título II del impuesto sobre la renta del Código Tributario y la Ley 5911 y sus reglamentos :bincluye el Código Tributario integro y la tabla de retencion anual para los asalariados. 1992.cDaniel Toribio y Juan Hernández aSanto Domingo :bAlfa y Omega,c1992. a411 p. c21 cm. 1 aHernández, Juan936041 2ddccLF1 00102ddc708MOaPDbPDcCTd2020-10-07eFeliz Miguel Torrel0oxxxx T683cr2020-10-07w2020-10-07yLF1 c48840d48840